000 00317nam a2200133Ia 4500
005 20251222141833.0
008 251222s9999||||xx |||||||||||||| ||spa||
082 _a869.56/R52/1993
100 _aRiboty, Carlos
245 0 _aAve Jacinto Roc
250 _a1ra.ed.
264 _bEditores y Impresores Cruz
942 _cLIB
999 _c7159
_d7159